Statistics in education (made easy)

Bibliographic Details
Main Author: Bhandarkar, Dr. K.M
Other Authors: Pathan, Dr. S.N
Format: Book
Published: New Delhi : Neelkamal Pub. Pvt. Ltd , 2006
Subjects:

MARC

LEADER 00000cam a2200000 7i4500
001 0000037942
005 20131022.0
008 131022
020 |a 8183160719 
090 0 0 |a 370.15195   |b BHA 
100 1 |a Bhandarkar, Dr. K.M 
245 1 0 |a Statistics in education (made easy)   |c Dr. K.M. Bhandarkar 
260 |a New Delhi :   |b Neelkamal Pub. Pvt. Ltd ,   |c 2006 
650 0 |a Educational statistic 
650 0 |a Education   |x Research   |x Methodology 
700 1 |a Pathan, Dr. S.N 
999 |a 0001243902   |b Book   |c Adult Collection   |e Cawangan Segamat